{"text_format":"3","workbook":"xlsx","n_sheets":3,"sheets":["Sheet1","Sheet2","Sheet3"],"read":"whole","date_system":"1900"}

{"sheet":"Sheet1","index":0,"n_rows":21,"n_cols":9,"rows_kept":21,"merged":[[1,1,3,1],[4,1,6,1],[7,1,11,1],[12,1,13,1],[14,1,17,1],[20,0,20,6]]}
["序号","系列名称","产品名称","单位","规格","单价","年用量","金额","参数"]
[1,"基础护肤  系列","水动力保湿洁面乳","g","100g",57,42,{"$f":"G2*F2","v":2394},"产品组成：月桂醇磷酸酯钾                 \n功效：温和清除皮肤表面污垢，适用于干性及混合性皮肤"]
[2,null,"保湿嫩颜水","ml","100ml",93,160,14880,"产品组成：甘油、1,3-丙二醇、透明质酸钠、1,2-乙二醇                               功效：缩水保湿，调理皮肤，适合各类型皮肤"]
[3,null,"多肽倍润霜","g","50g",57,25,1425,"产品组成：卵磷脂、肌肽、棕榈酰五肽-4、乙酰基六肽-8、牛油果树果脂、油橄榄果油       功效：加倍滋润修护，减缓肌肤所受刺激，改善皮肤细纹"]
[4,"修护系列","修护因子精华液","ml","20ml",166,15,2490,"产品组成：寡肽-1、寡肽-5、寡肽-2、水解胶原、神经酰胺3、透明质酸、甘油、尿囊素      功效：修护皮肤屏障功能，保湿补水，延缓衰老"]
[5,null,"皮肤修护乳","g","150g",110,175,19250,"产品组成：神经酰胺3、积雪草苷、甘草酸二钾、霍霍巴脂、寡肽-1、寡肽-5、寡肽-2       功效：保湿补水，补充皮肤所需水分和养分，延缓皮肤衰老"]
[6,null,"保湿修护精华膜","片","25g*6",111,17,1887,"产品组成：水解胶原、甘草酸二钾、寡肽-1、寡肽-5、寡肽-2                              功效：保湿修护皮肤，淡化细纹，延缓皮肤衰老"]
[7,"补水、保湿护理  系列","玻尿酸原液","ml","100ml",404,15,6060,"产品组成：透明质酸、水解胶原、甜菜碱、尿囊素                                       功效：保湿补水，淡化细纹，修护缺水性皮肤和衰老性皮肤"]
[8,null,"水动力保湿修护霜（清爽型）","g","50g",117,40,4680,"产品组成：甘油、牛油果树果脂、生育酚、白花春黄菊花油                                             功效：补水锁水，清爽焕肤，延缓皮肤衰老"]
[9,null,"水动力保湿修护霜（滋润型）","g","50g",117,40,4680,"产品组成：牛油果树果脂、霍霍巴脂、生育酚、透明质酸钠、白花春黄菊花油                    功效：补水锁水，滋养皮肤，延缓皮肤衰老"]
[10,null,"辅酶Q10眼精华霜","g","15g",117,40,4680,"产品组成：牛油果树果脂、神经酰胺3、泛醌、生育酚、透明质酸钠、白花春黄菊花油             功效：改善眼部幼纹，使松弛、干燥的眼部肌肤变的紧实有弹性，滋润平滑"]
[11,null,"玻尿酸精华膜","片","30g*5",117,15,1755,"产品组成：透明质酸、甘草酸二钾、尿囊素       功效：卓越的补水和锁水功能，很好的修护缺水性皮肤和衰老性皮肤"]
[12,"祛斑、美白  系列","优白素精华液","ml","15ml",117,15,1755,"产品组成：3-0-乙基抗坏血酸、熊果苷、透明质酸钠、烟酰胺、尿囊素                     功效：还原黑色素，抑制黑色素形成，从而达到祛斑和美白的效果"]
[13,null,"左旋VC亮肤保湿精华膜","片","25g*6",99,10,990,"产品组成：水解胶原、甘草酸二钾、抗坏血酸、透明质酸钠、尿囊素、烟酰胺                  功效：焕肤、保湿、修护，明显改善暗淡肤色"]
[14,"控油、祛痘  系列","茶多酚控油洁面  泡沫","ml","150ml",58,175,10150,"产品组成：椰油酰胺丙级甜菜碱、茶多酚、薄荷提取物、尿囊素、白花春黄菊花油            功效：有效清除皮肤表污垢及化妆品残留物，预防痘痘和粉刺形成"]
[15,null,"茶多酚控油收缩水","ml","100ml",93,100,9300,"产品组成：北美金缕梅水、茶多酚、尿囊素    功效：收缩毛孔，抑制油脂分泌，调理皮肤PH值"]
[16,null,"祛痘霜","g","30g",93,25,2325,"产品组成：冰片、薄荷脑、山茶籽油、生育酚、白花春黄菊花油                                      功效：有效祛痘，防止粉刺形成；调节皮脂过度分泌，收细毛孔，光滑皮肤"]
[17,null,"水杨酸祛痘控油面膜（水洗型）","g","100g",117,10,1170,"产品组成：泊洛沙姆407、月桂醇聚醚-4、聚乙二醇-400、甘油、水杨酸、苦参碱、红没药醇  功效：有效祛除痘痘和闭合性粉刺，同时预防痘痘与粉刺再生，有效修护痘痘肌肤"]
[18,"舒缓、修护  系列","神经酰胺舒缓保湿喷雾","ml","90ml",58,150,8700,"产品组成：神经酰胺3、透明质酸钠、尿囊素、甘油                                      功效：对干燥缺水的皮肤有舒缓、保湿作用，对后续的护肤保养品有促进吸收作用"]
[19,"果酸换肤\n系列","杏仁酸焕肤精华液","ml","15ml",118,12,1416,"产品组成：水、扁桃酸、聚乙二醇-400、丙二醇、凝血酸、葡聚糖、苦参碱、水杨酸、鞣花酸、透明质酸钠                               功效：浅层剥脱，提亮肤色，促进皮肤代谢，    紧致肌肤"]
["合计：",{"$nulls":6},{"$f":"SUM(H2:H20)","v":99987}]

{"sheet":"Sheet2","index":1,"n_rows":0,"n_cols":0,"rows_kept":0}

{"sheet":"Sheet3","index":2,"n_rows":0,"n_cols":0,"rows_kept":0}